Southville International School and Colleges
Your cart is empty.
  • Cart
  • Lists
    Public lists Eva Luna New books Lux_list list_1
    Your lists Log in to create your own lists
  • Log in to your account
  • Your cookies
  • Search history
Southville International School and Colleges
  • Advanced search
  • Recent comments
  • Most popular
  • Libraries

Log in to your account

Log in with GOOGLE


If you do not have an external account, but do have a local account, you can still log in:

  1. Home
  2. MARC view: Finance for executives:
Normal view MARC view ISBD view

Finance for executives: (Record no. 367321)

[ view plain ]
MARC details
000 -LEADER
fixed length control field 00628nam a22002057a 4500
003 - CONTROL NUMBER IDENTIFIER
control field 0
005 - DATE AND TIME OF LATEST TRANSACTION
control field 20250324111433.0
008 - FIXED-LENGTH DATA ELEMENTS--GENERAL INFORMATION
fixed length control field 250324b xxu||||| |||| 00| 0 eng d
020 ## - INTERNATIONAL STANDARD BOOK NUMBER
International Standard Book Number 978-1-4737-7891-7
050 ## - LIBRARY OF CONGRESS CALL NUMBER
Classification number HG 173
Item number .H39 2022
100 ## - MAIN ENTRY--PERSONAL NAME
Personal name Hawawini, Gabriel
245 ## - TITLE STATEMENT
Title Finance for executives:
Remainder of title managing for value creation
Statement of responsibility, etc Gabriel Hawawini and Claude Viallet
250 ## - EDITION STATEMENT
Edition statement 7th edition
260 ## - PUBLICATION, DISTRIBUTION, ETC. (IMPRINT)
Place of publication, distribution, etc Andover, Hampshire
Name of publisher, distributor, etc Cengage
Date of publication, distribution, etc c2022.
300 ## - PHYSICAL DESCRIPTION
Extent xxxi, 800 pages ;
Dimensions 25cm.
504 ## - BIBLIOGRAPHY, ETC. NOTE
Bibliography, etc Includes index and glossary.
650 ## - SUBJECT ADDED ENTRY--TOPICAL TERM
Topical term or geographic name as entry element Financial Management.
700 ## - ADDED ENTRY--PERSONAL NAME
Personal name Viallet, Claude
942 ## - ADDED ENTRY ELEMENTS (KOHA)
Source of classification or shelving scheme Library of Congress Classification
Koha item type Books
Holdings
Withdrawn status Lost status Source of classification or shelving scheme Damaged status Home library Current library Shelving location Date acquired Source of acquisition Total Checkouts Full call number Barcode Date last seen Price effective from Koha item type
    Library of Congress Classification   College Library College Library Reserve Section 03/24/2025 Library Fund   HG 173 .H39 2022 C24281 03/24/2025 03/24/2025 Books

Finance for executives:

APA

Hawawini G., Viallet C., . (2022). Finance for executives. Andover, Hampshire: Cengage.

Chicago

Hawawini Gabriel, Viallet Claude, . 2022. Finance for executives. Andover, Hampshire: Cengage.

Harvard

Hawawini G., Viallet C., . (2022). Finance for executives. Andover, Hampshire: Cengage.

MLA

Hawawini Gabriel, Viallet Claude, . Finance for executives. Andover, Hampshire: Cengage. 2022.

  • Place hold
  • Print
  • Cite
  • Add to your cart (remove)
  • Save record
    BIBTEX Dublin Core MARCXML MARC (non-Unicode/MARC-8) MARC (Unicode/UTF-8) MARC (Unicode/UTF-8, Standard) MODS (XML) RIS
  • More searches
    Search for this title in:
    Other Libraries (WorldCat) Other Databases (Google Scholar) Online Stores (Bookfinder.com) Open Library (openlibrary.org)

Exporting to Dublin Core...

SOUTHVILLE LIBRARY

Southville International School and Colleges Library

1281 Tropical Ave. Cor. Luxembourg St., BF Homes International, Las Pinas City

Tel. No. 8256374 / 252358 Loc. 117/146

Powered by Koha